Colors in Europe Quiz Pro - Statistics

General Stats
  • This quiz has been taken 29 times
  • The average score is 35 of 88
Answer Stats
Color Language Word % Correct
Blue Swedish Blå
96%
Black Spanish Negro
92%
White French Blanc
88%
Blue Spanish Azul
84%
Blue Portuguese Azul
84%
Red Spanish Rojo
84%
Green Spanish Verde
84%
Green Italian Verde
84%
Green Portuguese Verde
84%
Yellow Spanish Amarillo
80%
White Spanish Blanco
80%
Gray Spanish Gris
80%
Gray French Gris
80%
Pink Spanish Rosa
80%
Pink German Rosa
80%
Pink Italian Rosa
80%
Pink Portuguese Rosa
80%
Pink Swedish Rosa
80%
Red French Rouge
80%
Brown French Brun
76%
Black French Noir
76%
Orange French Orange
76%
Orange German Orange
76%
Orange Swedish Orange
76%
Orange Spanish Naranja
72%
Pink French Rose
72%
Brown Spanish Marrón
68%
Green French Vert
68%
Blue German Blau
64%
Blue French Bleu
64%
Red German Rot
64%
White German Weiß
60%
Blue Italian Blu
56%
Black German Schwarz
56%
Green German Grün
52%
Yellow French Jaune
52%
Red Italian Rosso
52%
Brown German Braun
48%
Brown Swedish Brun
48%
White Italian Bianco
44%
Yellow German Gelb
44%
Gray Swedish Grå
44%
Orange Dutch Oranje
40%
Black Italian Nero
36%
Gray German Grau
32%
Yellow Italian Giallo
28%
Red Swedish Röd
28%
Gray Italian Grigio
24%
Green Dutch Groen
24%
Purple German Lila
24%
Paars Swedish Lila
24%
White Dutch Wit
24%
Purple Italian Viola
20%
Purple French Violette
20%
Yellow Portuguese Amarela
16%
Yellow Dutch Geel
16%
Orange Portuguese Laranja
16%
Brown Italian Marrone
16%
Red Portuguese Vermelha
16%
Black Dutch Zwart
16%
Orange Italian Arancione
12%
Brown Dutch Bruin
12%
Red Dutch Rood
12%
Pink Dutch Roze
12%
Blue Dutch Blauw
8%
White Portuguese Branca
8%
Brown Portuguese Castanha
8%
Gray Dutch Grijs
8%
Green Swedish Grön
8%
Yellow Swedish Gul
8%
Purple Dutch Paars
8%
White Swedish Vit
8%
Gray Portuguese Cinzenta
4%
Purple Spanish Morada
4%
Purple Portuguese Roxo
4%
Pink Polish Różowe
4%
Black Swedish Svart
4%
White Polish Białe
0%
Brown Polish Brązowe
0%
Black Polish Czarne
0%
Red Polish Czerwone
0%
Purple Polish Fioletowe
0%
Blue Polish Niebieskie
0%
Orange Polish Pomarańczowe
0%
Black Portuguese Preta
0%
Gray Polish Szare
0%
Green Polish Zielone
0%
Yellow Polish Żółte
0%
No matching quizzes found
Score Distribution
Percent of People with Each Score
Percentile by Number Answered
Your Score History
You have not taken this quiz